01148nab a22001937a 4500003000400000005001700004008004100021040000700062100003000069245014300099260007200242300001500314500003900329505031900368505008900687650002000776650002600796773013200822OSt20260114022956.0190605e xxu||||| |||| 00| 0 spa d cPJ aAren, Rodrigo Diego Luis 10aRégimen remuneratorio del viajante vendedor. Análisis de la antigüedad y la garantía mínima mensual /cRodrigo Diego Luis Aren.  aCiudad Autónoma de Buenos Aires :bThomson Reuters La Ley,c2024. ap. 108-117 aCita: TR LALEY AR/DOC/2997/2023.  aSumario: I. Cuestiones preliminares.— II. La remuneración. Concepto.— III. La remuneración de los viajantes vendedores.— IV. La Garantía Mínima Mensual.— V. La antigüedad en las relaciones laborales.— VI. La antigüedad y su incidencia en la garantía mínima mensual.— VII. Conclusiones.  t¿Te interesa el texto completo? Solicitalo al correo: koha@justierradelfuego.gov.ar 0aDERECHO LABORAL 0aVIAJANTES DE COMERCIO0 02711dCiudad Autónoma de Buenos Aires : Thomson Reuters La Ley, 1999-2002.tRevista de derecho del trabajo. Nº 3 - Mayo 2024